000 00825nam a2200229 a 4500
001 000028511
005 20200930055002.0
008 110408s2007 dr 000 0 spa d
040 _aDO-SdBNP
_bspa
_cBNPHU
082 _a342.729302
_bR426con, 2007
110 1 _aRepública Dominicana.
_9447
240 1 0 _aConstitución (2002)
245 1 0 _aConstitución de la República Dominicana.
260 _aSanto Domingo :
_bCENDIJD,
_bPoder Judicial,
_c2007.
300 _a110 p. ;
_c12 cm.
590 _aInventariado, 2018/ YL
500 _aEdición de bolsillo
651 4 _aRepública Dominicana
_xConstitución (2002{Rpara}
_910514
651 4 _aRepública Dominicana
_zDerecho Constitucional
_9449
710 2 _aCentro de Documentación e Información Judicial Dominicano
_955480
910 _aValidado. Control de calidad EMS
999 _c28003
_d28003